000 00423cam a2200169ua 4500
001 10417
008 190130n ii |||gr||||Z||||||eng
020 _a9789311127521
040 _cMAIN
041 _aeng
082 _a030
245 _aReserve Bank of India Grade B officers phase-I exam 2017
260 _aMeerut:
_bArihant,
_c2017.
653 _aGeneral encyclopedic works
653 _aGeneral knowledge
942 _cBK
999 _c9405
_d9405